00490nam a2200181 a 4500001001300000003000900013005001700022008004100039020001000080082002000090100002200110245003800132260004300170300001000213500003500223650002800258700002200286nice12345678IN_TiNIC20260116014322.0070927s2006 vija grp 000 0 eng  ac32500a494.827321bSAN aSankaranarayana,  aEnglish-English-telugu Dictionary aVijayawada bVictory Publishers c2006 a1507p aincludes index and biblioraphy aEnglish-Telugu Dictiory1 aSankaranarayana,